00537nam a22001697a 450000500170000001000150001702000260003203500140005803700130007208200100008524500890009526000320018427000700021630000430028670000140032970000240034320170822153205.0 aENG-119974 c1495.00a978818931139 aEN-103506 bDBAD/PUB a616.8 aProgress in clinical neurosciences /cedited by V.P. Signh [and] Muralidharan Nair  aDelhi bByword Books c2013 aVirat Bhavan, Mukherjee Nagar Commercial Complex, bDelhie110009 aVolume 27, ix, 326p. :c22cm (Hb)bill aV.P Singh aNair, Muralidharan